00641nam a22001697a 4500008004100000020001400041040001800055041000800073100004900081245006600130260008700196300002300283490003200306504004200338611003200380611005900412130821s1973 enk gr eng  a719005418 aCo-BoUCMbspa00aeng1 aSinclair, I. M.q(Ian McTaggart)cSird1926-14aThe Vienna Convention on the Law of treatiescI. M. Sinclair. aMánchester (Inglaterra)bManchester University Press Oceana Publicationsc[1973] avii, 150 páginas 4aThe Melland Schill Lectures aIncluye referencias bibliográficas. 7aConvención de Vienay19692 aConvención de Viena sobre el Derecho de los Tratados